000 00544cam a2200217ua 4500
001 8217
005 20260515114315.0
008 150113n ii |||gr||||Z||||||hin
020 _a9788126716630
040 _cMAIN
041 _ahin
082 _a891.433
100 _aPriyanvada, U.,
_eAuthor.
245 _aPachapan khambhe lal deewaren
_cBy Usha Priyamvada
250 _a1st.
260 _aNew Delhi:
_bRajkamal,
_c2010.
300 _a156p.
653 _aEast Indo-European & Celtic literatures
653 _aHindi novels
942 _cBK
999 _c7327
_d7327